| 000 | 00776nam a2200205Ia 4500 | ||
|---|---|---|---|
| 008 | 0000001976 usa 0000000000eng00 | ||
| 090 | _aPUS00 K18j | ||
| 100 | 1 | _aKaufman, Jane | |
| 245 | 1 | 0 |
_aJane Kaufman _b: recent paintings _c/ photography Geoffrey Clements |
| 300 |
_a[8] p. _c/ 23 cm. |
||
| 500 | _aExposición realizada en Alessandra Gallery, New York, Diciembre 6 Enero 3, 1976 \ Con el patronazgo de la empresa colombiana PLARESA | ||
| 600 | 0 | 0 |
_aKAUFMAN, JANE./ _xTRABAJOS PICTORICOS |
| 650 | 1 | 4 | _aARTE CONTEMPORANEO ESTADOUNIDENSE |
| 650 | 1 | 4 | _xCATALOGOS |
| 650 | 1 | 4 | _xEXPOSICIONES |
| 650 | 1 | 4 | _aPINTORES ESTADOUNIDENSES |
| 650 | 1 | 4 | _aPINTURA ESTADOUNIDENSE |
| 700 | 1 | _aClements, Geoffrey | |
| 999 |
_c7646 _d7646 |
||
| 260 |
_aNew York : Alessandra Gallery _c1976 |
||